| 000 | 00456pab a2200181 454500 | ||
|---|---|---|---|
| 008 | 180718b2003 xxu||||| |||| 00| 0 eng d | ||
| 100 | _aHinden, Device Rothman | ||
| 245 | _aManaging executive leadership transitions in nonprofits | ||
| 260 | _c2003 | ||
| 300 | _ap.16-18. | ||
| 362 | _aSep | ||
| 650 | _aNonprofit organizations | ||
| 650 | _aLeadership | ||
| 650 | _aManagers | ||
| 700 | _aTebbe, Don | ||
| 773 | _aPublic Manager | ||
| 909 | _a58056 | ||
| 999 |
_c58056 _d58056 |
||